000 00330nam a22001457a 4500
003 OSt
008 240127b |||||||| |||| 00| 0 eng d
020 _a9780143422259
100 _aMURTY,Sudha
245 _aThe Mother I Never Knew
250 _a1st Ed
260 _aUSA
_bPenguin Books
_c2014
300 _a207
942 _2ddc
_cBK
999 _c12199
_d12199